[Event "Pan American-ch School U15 12th"]
[Site "Callao"]
[Date "2023.10.19"]
[Round "6"]
[White "Canahua Supo, Rodrigo Jose"]
[Black "Diaz Bermudez, Pedro Teofilo"]
[Result "0-1"]
[WhiteElo "1075"]
[BlackElo "1444"]
[PlyCount "53"]
[EventDate "2023.10.16"]
[EventType "swiss"]
[EventRounds "9"]
[EventCountry "PER"]
[SourceTitle "Mega2024 Update 01"]
[Source "Chessbase"]
[SourceDate "2023.11.12"]
[SourceVersion "1"]
[SourceVersionDate "2023.11.12"]
[SourceQuality "1"]

1. d4 Nf6 2. Nf3 e6 3. c4 d5 4. Bg5 dxc4 5. e4 Be7 6. Bxf6 Bxf6 7. Bxc4 0-0 8. 0-0 g6 9. e5 Be7 10. Nc3 b5 11. Bd3 Bb7 12. Be4 Bxe4 13. Nxe4 Qd5 14. Qd3 h6 15. Rfc1 Rc8 16. Nc5 Nd7 17. Qe4 Qxe4 18. Nxe4 c5 19. Nd6 Bxd6 20. exd6 c4 21. Ne5 Nb6 22. b3 f6 23. bxc4 fxe5 24. c5 Nc4 25. dxe5 Rxc5 26. f4 Kf7 27. Kf2 0-1

[Event "Pan American-ch School U15 12th"]
[Site "Callao"]
[Date "2023.10.17"]
[Round "3"]
[White "Chesa Horiuchi, Nikolas Gabriel"]
[Black "Canahua Supo, Rodrigo Jose"]
[Result "1-0"]
[WhiteElo "1314"]
[BlackElo "1075"]
[PlyCount "91"]
[EventDate "2023.10.16"]
[EventType "swiss"]
[EventRounds "9"]
[EventCountry "PER"]
[SourceTitle "Mega2024 Update 01"]
[Source "Chessbase"]
[SourceDate "2023.11.12"]
[SourceVersion "1"]
[SourceVersionDate "2023.11.12"]
[SourceQuality "1"]

1. c4 c5 2. Nc3 e6 3. Nf3 Nf6 4. g3 d5 5. cxd5 Nxd5 6. Bg2 g6 7. Qb3 Bg7 8. Qb5+ Nd7 9. 0-0 a6 10. Qb3 N7b6 11. d3 0-0 12. a4 Nxc3 13. bxc3 Nd5 14. Bb2 b6 15. c4 Bxb2 16. Qxb2 Nb4 17. Ne5 Rb8 18. Nc6 Nxc6 19. Bxc6 Bb7 20. Bxb7 Rxb7 21. Rfb1 Qd6 22. Ra3 a5 23. Rb3 Rfb8 24. Rb5 Qd4 25. Qxd4 cxd4 26. Kg2 Kg7 27. Kf3 Kf6 28. Ke4 e5 29. Rxe5 Re7 30. Rxe7 Kxe7 31. Rb5 f6 32. Kxd4 Ke6 33. g4 Rd8+ 34. Rd5 Rd6 35. Rxd6+ Kxd6 36. h4 h6 37. f4 f5 38. g5 h5 39. e4 Ke6 40. e5 Kd7 41. Kd5 Ke7 42. e6 Ke8 43. Kd6 Kd8 44. e7+ Ke8 45. d4 b5 46. axb5 1-0

[Event "Pan American-ch School U15 12th"]
[Site "Callao"]
[Date "2023.10.16"]
[Round "2"]
[White "Canahua Supo, Rodrigo Jose"]
[Black "Uchasara Apolinario, Josue Yoni"]
[Result "1/2-1/2"]
[WhiteElo "1075"]
[BlackElo "1295"]
[PlyCount "33"]
[EventDate "2023.10.16"]
[EventType "swiss"]
[EventRounds "9"]
[EventCountry "PER"]
[SourceTitle "Mega2024 Update 01"]
[Source "Chessbase"]
[SourceDate "2023.11.12"]
[SourceVersion "1"]
[SourceVersionDate "2023.11.12"]
[SourceQuality "1"]

1. d4 Nf6 2. c4 e6 3. Nf3 d5 4. Bg5 c5 5. e3 Qb6 6. Qc2 Nc6 7. Bxf6 gxf6 8. Qd2 Bd7 9. cxd5 exd5 10. dxc5 Bxc5 11. Be2 0-0-0 12. Nc3 Bg4 13. Na4 Qb4 14. Nxc5 Qxc5 15. Nd4 Bxe2 16. Nxc6 bxc6 17. Kxe2 1/2-1/2